| 000 | 00609cam a2200193 a 4500 | ||
|---|---|---|---|
| 999 |
_c117391 _d117391 |
||
| 001 | 14285126 | ||
| 005 | 20200518122852.0 | ||
| 008 | 060303s2006 pau b 001 0 eng | ||
| 020 | _a9780812220056 | ||
| 040 | _cPK-LaUMT | ||
| 082 | 0 | 0 |
_a301.082 _222 _bFEM- |
| 245 | 0 | 0 |
_aFeminist anthropology : _bpast, present, and future / _cedited by Pamela L. Geller and Miranda K. Stockett |
| 260 |
_aPhiladelphia : _bUniversity of Pennsylvania Press, _c2006 |
||
| 300 |
_axvi, 226 p. ; _c24 cm. |
||
| 650 | 0 | _aFeminist anthropology. | |
| 700 | 1 | _aGeller, Pamela L. | |
| 700 | 1 | _aStockett, Miranda K. | |
| 942 | _cBK | ||